Elsevier's dictionary of plant genetic resources /

Bibliographic Details
Corporate Author: International Board for Plant Genetic Resources
Format: Book
Language:English
Published: Amsterdam ; New York : Elsevier, 1991.
Subjects:

MARC

Tag First Indicator Second Indicator Subfields
LEADER 00000cam a2200000 a 4500
001 in00004498549
005 20191203131113.0
008 901205s1991 ne d 000 0 eng
010 |a  90026707  
020 |a 0444889590 
035 |a (OCoLC)22909271 
035 |9 AFP9825AM 
035 |a 1235200 
035 |z (UtOrBLW)36016 
035 |a 52608 
040 |a DLC  |c DLC  |d TXA  |d UtOrBLW 
049 |a TXAM 
050 0 0 |a SB123.3  |b .E45 1991 
060 4 |a SB 123.3  |b E494 1991 
082 0 0 |a 631.5/23/03  |2 20 
245 0 0 |a Elsevier's dictionary of plant genetic resources /  |c compiled by International Board for Plant Genetic Resources, Rome, Italy. 
264 1 |a Amsterdam ;  |a New York :  |b Elsevier,  |c 1991. 
300 |a 187 pages ;  |c 25 cm. 
336 |a text  |2 rdacontent  |b txt 
337 |a unmediated  |2 rdamedia 
338 |a volume  |2 rdacarrier  |b nc 
650 0 |a Germplasm resources, Plant  |v Dictionaries. 
710 2 |a International Board for Plant Genetic Resources. 
740 0 |a Dictionary of plant genetic resources. 
948 |a MOVED FROM WEST CAMPUS LIBRARY REFERENCE TO MSL REF FEBRUARY 2004, ngb, 3/09/2004. 
948 |a Ag/LifeSci 
999 |a MARS 
999 f f |s 4ec2701c-f927-3357-b17d-781cd06f7172  |i 9b7e85b8-d47e-3f4e-b50e-640b4c7bc28d  |t 0 
952 f f |p ric  |a Texas A&M University  |b Rellis Campus  |c Joint Library Facility  |d Remote Storage  |t 0  |e SB 123.3 E494 1991  |h National Library of Medicine classification  |i unmediated -- volume  |m 323890219916A 
998 f f |a SB 123.3 E494 1991  |t 0  |l Remote Storage